000 00633nab a2200193 4500
001 244442
003 OSt
005 20260311101935.0
007 tu
008 260311s2020|||||||
040 _aDE-2950
_cDE-2950
245 0 0 _aDemonstration auf der Stadtbrücke
_bProtest. Polnische Rechte haben sich an dem Bauwerk in Slubice zusammengefunden. In der Nachbarstadt von Frankfurt zeichnen sie ein düsteres Bild/
_cLisa Larossa
264 _c2026
653 _aSlubice
653 _aDemonstration
653 _aROG
773 0 _g37. Jahrgang (2026) Nr. 57 vom 097.03.2026 , S. 13 mit Foto
_tMärkische Oderzeitung
942 _2z
_cA
999 _c374340
_d374340